South Africa and the dream of love to come : queer sexuality and the struggle for freedom

Saved in:
Bibliographic Details
Main Author Munro, Brenna M.
Format eBook
LanguageEnglish
Published Minneapolis : University of Minnesota Press, ©2012.
Subjects
Online AccessFull text
ISBN9780816681570
9780816677696
9780816677689
Physical Description1 online zdroj (xxxiii, 337 stran) : ilustrace

Cover

LEADER 00000cam a2200000 a 4500
001 113425
003 CZ-ZlUTB
005 20260601140906.0
006 m o d
007 cr cnu---unuuu
008 121105s2012 mnua fo s001 0 eng d
020 |a 9780816681570 
020 |a 9780816677696  |q (electronic bk.) 
020 |z 9780816677689 
035 |a (OCoLC)815970265  |z (OCoLC)818115295  |z (OCoLC)961604460  |z (OCoLC)962611179  |z (OCoLC)988434534  |z (OCoLC)1031941518  |z (OCoLC)1037737173  |z (OCoLC)1038602895  |z (OCoLC)1055396987  |z (OCoLC)1058814687  |z (OCoLC)1066004432  |z (OCoLC)1081206001  |z (OCoLC)1097144754  |z (OCoLC)1114352000  |z (OCoLC)1119607921  |z (OCoLC)1155284735  |z (OCoLC)1162572125  |z (OCoLC)1228530599  |z (OCoLC)1290045128 
040 |a N$T  |b eng  |c N$T  |d E7B  |d OCLCF  |d YDXCP  |d OCLCO  |d OCLCQ  |d JG0  |d OCLCO  |d OCLCL  |e rda 
043 |a f-sa--- 
045 |a x-x- 
072 7 |a 82.0  |x Literatura (teorie)  |2 Konspekt  |9 11 
080 |a 82:316.3  |2 MRF 
080 |a 93/94  |2 MRF 
080 |a 821.111(680)  |2 MRF 
080 |a 316.367.7  |2 MRF 
080 |a 001.83-027.22  |2 MRF 
080 |a 82.09  |2 MRF 
080 |a (680)  |2 MRF 
080 |a (0.034.2:08)   |2 MRF 
080 |a (048.8)  |2 MRF 
100 1 |a Munro, Brenna M. 
245 1 0 |a South Africa and the dream of love to come :  |b queer sexuality and the struggle for freedom /  |c Brenna M. Munro. 
260 |a Minneapolis :  |b University of Minnesota Press,  |c ©2012. 
300 |a 1 online zdroj (xxxiii, 337 stran) :  |b ilustrace 
504 |a Obsahuje bibliografické odkazy a index. 
506 |a Plný text je dostupný pouze z IP adres počítačů Univerzity Tomáše Bati ve Zlíně nebo vzdáleným přístupem pro zaměstnance a studenty 
588 0 |a Print version record. 
590 |a eBooks on EBSCOhost  |b All EBSCO eBooks 
650 0 7 |a literatura a společnost  |7 ph122371  |x dějiny  |y 20. století  |z Jihoafrická republika  |2 czenas 
650 0 7 |a jihoafrická literatura (anglicky)  |7 ph394364  |y 20. století  |2 czenas 
650 0 7 |a homosexualita  |7 ph120792  |2 czenas 
650 0 7 |a intelektuální život  |7 ph137688  |y 20. století  |z Jihoafrická republika  |2 czenas 
650 0 7 |a literárněvědné rozbory  |7 ph138745  |2 czenas 
650 0 9 |a literature and society  |x history  |y 20th century  |z South Africa  |2 eczenas 
650 0 9 |a South African literature (English)  |y 20th century  |2 eczenas 
650 0 9 |a homosexuality  |2 eczenas 
650 0 9 |a intellectual life  |y 20th century  |z South Africa  |2 eczenas 
650 0 9 |a literary criticism and history  |2 eczenas 
655 7 |a elektronické knihy  |7 fd186907  |2 czenas 
655 7 |a monografie  |7 fd132842  |2 czenas 
655 9 |a electronic books  |2 eczenas 
655 9 |a monographs  |2 eczenas 
776 0 8 |i Print version:  |a Munro, Brenna M.  |t South Africa and the dream of love to come.  |d Minneapolis : University of Minnesota Press, ©2012  |z 9780816677689  |w (DLC) 2012002773  |w (OCoLC)759909921 
856 4 0 |u https://search.ebscohost.com/login.aspx?direct=true&scope=site&db=nlebk&AN=497070&authtype=ip,shib&custid=s3936755 
942 |2 udc 
992 |c EBOOK-TN  |c EBSCO 
993 |x NEPOSILAT  |y EIZ 
999 |c 113425  |d 113425